000 00363nam a2200133Ia 4500
001 IA_
002 TECNOLOGiA DE LOS VINOS BLANCOS
008 220117s xx 000 0 und d
010 _a187632
700 _aCasp Vanaclocha, Ana, tr.
_9153192
700 _aGonzález Salgueiro, Alfredo, tr.
_9153193
942 _c663.222 R67 1998
999 _c187632
_d187632